| 000 | 00816nam2a2200217 4500 | ||
|---|---|---|---|
| 001 | RU\NLR\BIBL_A\011355989 | ||
| 005 | 20250626051946.0 | ||
| 010 | _a978-5-88289-431-2 | ||
| 035 | _a(NLR Aleph) 011355989 | ||
| 090 |
_a11272444 _c11272444 |
||
| 100 | _a20170330d2015 |||y0rusy50 ca | ||
| 101 | 0 | _arus | |
| 102 | _aRU | ||
| 200 | 1 | _a№ 20 | |
| 210 |
_d2015 _aБ. м. |
||
| 461 | 0 |
_1001RU\NLR\Per\748054 _12001#$aВетеран Подмосковья$eсудьбы ветеранских дорог$eальманах$v№ 20 _94272491 _cМосква _d2010 - _nСовременные тетради _oсудьбы ветеранских дорог : альманах _tВетеран Подмосковья _x2658-4719 _v№ 20 |
|
| 852 |
_aNLR _jП23/8083 |
||
| 942 | _cISSUE | ||
| 980 | _aNB | ||
| 980 | _aRUSPER | ||